National Apartment Association (Record no. 120719)

MARC details
000 -LEADER
fixed length control field 01053cai a22001815a 4500
001 - CONTROL NUMBER
control field L145708
008 - FIXED-LENGTH DATA ELEMENTS--GENERAL INFORMATION
fixed length control field 081103c xxkao f 000 0 eng d
035 ## - SYSTEM CONTROL NUMBER
System control number (Sirsi) u145708
041 0# - LANGUAGE CODE
Language code of text/sound track or separate title eng
110 2# - MAIN ENTRY--CORPORATE NAME
Corporate name or jurisdiction name as entry element National Apartment Association
9 (RLIN) 5636
245 00 - TITLE STATEMENT
Title National Apartment Association
Medium [electronic resource]
520 ## - SUMMARY, ETC.
Summary, etc. Official website for the National Apartment Association (NAA), an association that exists to serve the interests of multi-family housing owners, managers, developers and suppliers and attempts to promote professionalism in the industry to better serve the needs of those in the rented property sector. Website provides information on the Association, education, NAA events and industry resources. Some of the content on the website can only be accessed by members of the NAA.
590 ## - LOCAL NOTE (RLIN)
Local note KA
651 #4 - SUBJECT ADDED ENTRY--GEOGRAPHIC NAME
Geographic name United States
Chronological subdivision 1959-
690 ## - LOCAL SUBJECT ADDED ENTRY--TOPICAL TERM (OCLC, RLIN)
Topical term or geographic name as entry element PROPERTY-RESIDENTIAL PROPERTY-COMMUNAL RESIDENTIAL PROPERTY
856 40 - ELECTRONIC LOCATION AND ACCESS
Uniform Resource Identifier <a href="https://www.naahq.org/Pages/welcome.aspx">https://www.naahq.org/Pages/welcome.aspx</a>
Public note View the website free of charge at www.naahq.org...
942 ## - ADDED ENTRY ELEMENTS (KOHA)
Suppress in OPAC 0
Holdings
Withdrawn status Lost status Source of classification or shelving scheme Damaged status Not for loan Home library Current library Shelving location Date acquired Total Checkouts Full call number Barcode Date last seen Copy number Price effective from Koha item type
    Dewey Decimal Classification     Virtual Virtual Online 03/11/2008   ONLINE PUBLICATION 145708-1001 06/08/2019 1 06/08/2019 Online material